|
|
|
|
| LEADER |
00000nas a22000007a 4500 |
| 001 |
ssj0001761 |
| 003 |
WaSeSS |
| 005 |
20200512172242.0 |
| 006 |
m d |
| 007 |
cr n |
| 008 |
980429c19849999txuqr pss 0 a0eng c |
| 010 |
|
|
|a 2008213514
|
| 022 |
|
|
|a 1938-1557
|l 0748-5492
|y 0748-5492
|
| 035 |
|
|
|a (WaSeSS)ssj0001761
|
| 037 |
|
|
|b Issues in science and technology
|n www.issues.org
|
| 040 |
|
|
|a FGA
|b eng
|c FGA
|d OCL
|d RCE
|d OCL
|d OCLCQ
|d NSD
|d CIT
|d LGG
|d OCLCQ
|d OCLCO
|d OCLCQ
|d OCLCF
|d OCLCA
|d VT2
|d OCLCO
|d OCLCQ
|d UUM
|d WaSeSS
|
| 042 |
|
|
|a pcc
|a nsdp
|
| 043 |
|
|
|a n-us---
|
| 050 |
1 |
4 |
|a Q124.6
|b .I85
|
| 082 |
1 |
0 |
|a 338
|2 14
|
| 130 |
0 |
|
|a Issues in science and technology (Online)
|
| 222 |
|
0 |
|a Issues in science and technology
|b (Online)
|
| 245 |
1 |
0 |
|a Issues in science and technology
|h [electronic resource].
|
| 246 |
1 |
|
|i Banner on publisher's website viewed 09/22/08 has title:
|a Issues in science and technology Online
|
| 260 |
|
|
|a Dallas, TX :
|b Issues in Science and Technology
|
| 310 |
|
|
|a Quarterly
|
| 362 |
1 |
|
|a Print began with vol. 1, no. 1 (fall 1984).
|
| 506 |
|
|
|a License restrictions may limit access.
|
| 538 |
|
|
|a Mode of access: World Wide Web.
|
| 550 |
|
|
|a Issued by: National Academy of Sciences (U.S.), National Academy of Engineering, and: Institute of Medicine (U.S.).
|
| 588 |
|
|
|a Description based on: Vol. 11, issue 2 (winter 1994); title from available issues screen (viewed Apr. 29, 1998).
|
| 588 |
|
|
|a Latest issue consulted: Fall 2008 (publisher's Web site viewed on Sept. 22, 2008).
|
| 650 |
|
0 |
|a Science and state
|v Periodicals.
|
| 650 |
|
0 |
|a Technology and state
|v Periodicals.
|
| 650 |
|
0 |
|a Science and state
|z United States
|v Periodicals.
|
| 650 |
|
0 |
|a Technology and state
|z United States
|v Periodicals.
|
| 650 |
|
7 |
|a Science and state.
|2 fast
|0 (OCoLC)fst01108536
|
| 650 |
|
7 |
|a Technology and state.
|2 fast
|0 (OCoLC)fst01145265
|
| 651 |
|
7 |
|a United States.
|2 fast
|0 (OCoLC)fst01204155
|
| 655 |
|
0 |
|a Electronic journals.
|
| 710 |
2 |
|
|a National Academy of Sciences (U.S.)
|
| 710 |
2 |
|
|a National Academy of Engineering.
|
| 710 |
2 |
|
|a Institute of Medicine (U.S.)
|
| 776 |
1 |
|
|t Issues in science and technology
|x 0748-5492
|w (DLC) 87649783
|w (OCoLC)10959486
|
| 856 |
4 |
0 |
|z Full text available from Research Library: 01/01/1994 to present
|u https://search.proquest.com/publication/32581
|